New business practices (Record no. 115770)
[ view plain ]
| 000 -LEADER | |
|---|---|
| fixed length control field | 01503cam a2200289 4500 |
| 001 - CONTROL NUMBER | |
| control field | L159254 |
| 008 - FIXED-LENGTH DATA ELEMENTS--GENERAL INFORMATION | |
| fixed length control field | 040913n2016 000 0 eng u |
| 035 ## - SYSTEM CONTROL NUMBER | |
| System control number | (Sirsi) u159254 |
| 041 ## - LANGUAGE CODE | |
| Language code of text/sound track or separate title | eng |
| 110 2# - MAIN ENTRY--CORPORATE NAME | |
| Corporate name or jurisdiction name as entry element | Royal Institution of Chartered Surveyors |
| 9 (RLIN) | 4900 |
| 245 00 - TITLE STATEMENT | |
| Title | New business practices |
| Remainder of title | Estate agency interactions in England and New Zealand housing markets |
| Medium | [electronic resource] |
| 260 ## - PUBLICATION, DISTRIBUTION, ETC. | |
| Place of publication, distribution, etc. | London |
| Name of publisher, distributor, etc. | RICS |
| Date of publication, distribution, etc. | 2016 |
| 490 #0 - SERIES STATEMENT | |
| Series statement | RICS Research |
| 520 ## - SUMMARY, ETC. | |
| Summary, etc. | Aims to understand the contemporary role of agents and other information sources in shaping owner occupiers? search and bidding behaviour in the UK and New Zealand. This report summarises the findings of 29 interviews and a desk based review of estate agency web presences undertaken during 2014 and 2015; the research compares businesses in England and New Zealand. The interviews provide detailed insights into the changes in practices and the pressures and the opportunities afforded from technological innovation and changes in buyer and vendor behaviour. |
| 650 24 - SUBJECT ADDED ENTRY--TOPICAL TERM | |
| Topical term or geographic name entry element | OWNER-OCCUPATION |
| 650 24 - SUBJECT ADDED ENTRY--TOPICAL TERM | |
| Topical term or geographic name entry element | ESTATE AGENTS |
| 650 24 - SUBJECT ADDED ENTRY--TOPICAL TERM | |
| Topical term or geographic name entry element | IT |
| 651 #4 - SUBJECT ADDED ENTRY--GEOGRAPHIC NAME | |
| Geographic name | United Kingdom |
| 651 #4 - SUBJECT ADDED ENTRY--GEOGRAPHIC NAME | |
| Geographic name | New Zealand |
| 690 ## - LOCAL SUBJECT ADDED ENTRY--TOPICAL TERM (OCLC, RLIN) | |
| Topical term or geographic name as entry element | Residential property |
| 9 (RLIN) | 6266 |
| 700 1# - ADDED ENTRY--PERSONAL NAME | |
| Personal name | Dunning, Richard |
| 700 1# - ADDED ENTRY--PERSONAL NAME | |
| Personal name | Levy, Deborah |
| 700 1# - ADDED ENTRY--PERSONAL NAME | |
| Personal name | Watkins, Craig |
| 700 1# - ADDED ENTRY--PERSONAL NAME | |
| Personal name | Young, Gareth |
| 856 48 - ELECTRONIC LOCATION AND ACCESS | |
| Uniform Resource Identifier | <a href="http://www.propertyresearchtrust.org/uploads/1/3/4/8/134819607/estate_agency_interaction.pdf">http://www.propertyresearchtrust.org/uploads/1/3/4/8/134819607/estate_agency_interaction.pdf</a> |
| Public note | Available from the Property Research Trust |
| 942 ## - ADDED ENTRY ELEMENTS (KOHA) | |
| Suppress in OPAC | 0 |
| Source of classification or shelving scheme | Dewey Decimal Classification |
| Withdrawn status | Lost status | Damaged status | Not for loan | Home library | Current library | Shelving location | Date acquired | Total Checkouts | Date last seen | Copy number | Price effective from | Koha item type |
|---|---|---|---|---|---|---|---|---|---|---|---|---|
| Virtual | Virtual | Online | 05/04/2016 | 02/01/2023 | 1 | 06/08/2019 | Online material |